Movie Decades Click Quiz #3 - Statistics

General Stats
  • This quiz has been taken 26,654 times
  • The average score is 15 of 25
Answer Stats
Hint Answer % Correct
79%
76%
74%
72%
71%
70%
67%
67%
66%
65%
62%
58%
57%
56%
55%
54%
53%
53%
50%
50%
48%
47%
46%
38%
31%
No matching quizzes found
Score Distribution
Percent of People with Each Score
Percentile by Number Answered
Your Score History
You have not taken this quiz